000 00965nam0a2200241 4500
001 RU\NLR\BIBL_A\010587122
005 20250614075420.0
035 _a(NLR Aleph) 010587122
090 _a10487161
_c10487161
100 _a20150119d1984 |||y0rusy50 ca
101 0 _asah
102 _aRU
105 _ay z 000yy
200 1 _aСайылык кыыһа
_e[сэһэн, кэпсээн
_eорто уонна улахан саастаах оскуола оҕолоругар]
_fИван Нуолур
210 _aЯкутскай
_cСаха сиринээҕи кинигэ изд-вота
_d1984
215 _a91,[3] с.
_d20
541 1 _aДевушка из сайылыка
_eповесть, рассказ
_eдля детей сред. и ст. шк. возраста
_zrus
686 1 _aШ9(2)6=Я-4
700 1 _aНуолур
_bИ.
_gИван
_4070
852 _aNLR
_bОНЛ
_jЯкут./2-2411
942 _cBOOK
980 _aNB